000
00211 a2200097 4500
001
51490
100
_a
Schuon F
245
_a
Understanding Islam
260
_a
Lahore
_b
Suhail Academy
_c
090
_c
32614
_d
32614
942
_a
NUST-CAE
_c
M
_c
25130
999
_c
286563
_d
286563